Famous Second Fiddles - Statistics

General Stats
  • This quiz has been taken 7 times
  • The average score is 7 of 16
Answer Stats
Picture Answer % Correct
Grigori Rasputin
86%
Ernesto "Che" Guevara
71%
Henry Kissinger
71%
Alexander Hamilton
57%
Cardinal Richelieu
57%
Leon Trotsky
57%
Cicero
43%
Niccolo Machiavelli
43%
Otto von Bismarck
43%
John Brown
29%
Martin Bormann
29%
Thomas Cromwell
29%
Edith Wilson
14%
Sarah Churchill
14%
Talleyrand
14%
Zhou Enlai
14%
No matching quizzes found
Score Distribution
Percent of People with Each Score
Percentile by Number Answered
Your Score History
You have not taken this quiz